Positive discipline A-Z : (Record no. 273359)
[ view plain ]
| 000 -LEADER | |
|---|---|
| fixed length control field | 02844nam a22004814a 4500 |
| 001 - CONTROL NUMBER | |
| control field | ocm70167749 |
| 003 - CONTROL NUMBER IDENTIFIER | |
| control field | OCoLC |
| 005 - DATE AND TIME OF LATEST TRANSACTION | |
| control field | 20200320184431.0 |
| 008 - FIXED-LENGTH DATA ELEMENTS--GENERAL INFORMATION | |
| fixed length control field | 060621s2007 nyua b 001 0 eng |
| 010 ## - LIBRARY OF CONGRESS CONTROL NUMBER | |
| LC control number | 2006020784 |
| 020 ## - INTERNATIONAL STANDARD BOOK NUMBER | |
| International Standard Book Number | 9780307345578 |
| 020 ## - INTERNATIONAL STANDARD BOOK NUMBER | |
| International Standard Book Number | 0307345572 |
| 020 ## - INTERNATIONAL STANDARD BOOK NUMBER | |
| Terms of availability | 16.99 |
| 029 1# - (OCLC) | |
| OCLC library identifier | YDXCP |
| System control number | 2485063 |
| 029 1# - (OCLC) | |
| OCLC library identifier | AU@ |
| System control number | 000040430871 |
| 029 1# - (OCLC) | |
| OCLC library identifier | NZ1 |
| System control number | 11599334 |
| 035 ## - SYSTEM CONTROL NUMBER | |
| System control number | (OCoLC)70167749 |
| 040 ## - CATALOGING SOURCE | |
| Original cataloging agency | DLC |
| Transcribing agency | DLC |
| Modifying agency | YDX |
| -- | BAKER |
| -- | BTCTA |
| -- | GK8 |
| -- | MEA |
| -- | YDXCP |
| -- | VP@ |
| -- | UPZ |
| -- | VUE |
| -- | WACOL |
| 049 ## - LOCAL HOLDINGS (OCLC) | |
| Holding library | WACL |
| 050 00 - LIBRARY OF CONGRESS CALL NUMBER | |
| Classification number | HQ770.4 |
| Item number | .N435 2007 |
| 082 00 - DEWEY DECIMAL CLASSIFICATION NUMBER | |
| Classification number | 649/.64 |
| Edition number | 22 |
| 092 ## - LOCALLY ASSIGNED DEWEY CALL NUMBER (OCLC) | |
| Classification number | 649 |
| Item number | Nel |
| 100 1# - MAIN ENTRY--PERSONAL NAME | |
| Personal name | Nelsen, Jane. |
| 9 (RLIN) | 25781 |
| 245 10 - TITLE STATEMENT | |
| Title | Positive discipline A-Z : |
| Remainder of title | 1001 solutions to everyday parenting problems / |
| Statement of responsibility, etc | Jane Nelsen, Lynn Lott, and H. Stephen Glenn. |
| 250 ## - EDITION STATEMENT | |
| Edition statement | completely rev. and expanded 3rd ed. |
| 260 ## - PUBLICATION, DISTRIBUTION, ETC. (IMPRINT) | |
| Place of publication, distribution, etc | New York : |
| Name of publisher, distributor, etc | Three Rivers Press, |
| Date of publication, distribution, etc | c2007. |
| 300 ## - PHYSICAL DESCRIPTION | |
| Extent | xvii, 316 p. : |
| Other physical details | ill. ; |
| Dimensions | 23 cm. |
| 504 ## - BIBLIOGRAPHY, ETC. NOTE | |
| Bibliography, etc | Includes bibliographical references and index. |
| 505 0# - FORMATTED CONTENTS NOTE | |
| Formatted contents note | What is positive discipline? -- Positive discipline solutions A-Z. |
| 520 ## - SUMMARY, ETC. | |
| Summary, etc | As a parent, you face one of the most challenging-and rewarding-roles of your life. No matter how much you love your child, there will still be moments filled with anger, frustration, and, at times, desperation. What do you do? Over the years, millions of parents just like you have come to trust the Positive Discipline series for its consistent, commonsense approach to child rearing. In this completely updated edition of Positive Discipline A-Z, you will learn how to use kind and firm methods to raise a child who is responsible, respectful, and resourceful. You'll find practical solutions to such parenting challenges as: Sibling Rivalry, Bedtime Hassles, School Problems, Getting Chores Done, ADHD, Eating Problems, Procrastination, Whining, Tattling and Lying, Homework Battles, And Dozens More! This newly revised and expanded third edition contains up-to-the-minute information on sleeping through the night, back talk, and lack of motivation as well as tips on diet, exercise, and obesity prevention, and new approaches to parenting in the age of computers and cell phones. |
| 650 #0 - SUBJECT ADDED ENTRY--TOPICAL TERM | |
| Topical term or geographic name as entry element | Discipline of children. |
| 9 (RLIN) | 5859229 |
| 650 #8 - SUBJECT ADDED ENTRY--TOPICAL TERM | |
| Topical term or geographic name as entry element | Child rearing. |
| 9 (RLIN) | 5859230 |
| 700 1# - ADDED ENTRY--PERSONAL NAME | |
| Personal name | Lott, Lynn. |
| 9 (RLIN) | 5859231 |
| 700 1# - ADDED ENTRY--PERSONAL NAME | |
| Personal name | Glenn, H. Stephen. |
| 9 (RLIN) | 6913 |
| 856 41 - ELECTRONIC LOCATION AND ACCESS | |
| Materials specified | Table of contents only |
| Uniform Resource Identifier | <a href="http://www.loc.gov/catdir/toc/ecip0615/2006020784.html">http://www.loc.gov/catdir/toc/ecip0615/2006020784.html</a> |
| 938 ## - | |
| -- | Baker & Taylor |
| -- | BKTY |
| -- | 16.95 |
| -- | 12.71 |
| -- | 0307345572 |
| -- | 0006897693 |
| -- | active |
| 938 ## - | |
| -- | Baker and Taylor |
| -- | BTCP |
| -- | 2006020784 |
| 938 ## - | |
| -- | YBP Library Services |
| -- | YANK |
| -- | 2485063 |
| 942 ## - ADDED ENTRY ELEMENTS (KOHA) | |
| Koha item type | BOOK |
| 948 ## - LOCAL PROCESSING INFORMATION (OCLC); SERIES PART DESIGNATOR (RLIN) | |
| Series part designator, SPT (RLIN) | 08/11/2010 |
| z (OCLC) | Sirsi |
| 994 ## - | |
| -- | 02 |
| -- | WACOL |
| 996 ## - | |
| -- | 79102 |
| -- | 34301000958951 |
| -- | NF |
| -- | bk |
| -- | wcl |
| -- | i |
| -- | 28 |
| -- | 16.99 |
| -- | Amazon.com |
| -- | 649 Nel |
| -- | 08/11/2010 |
| -- | 11/15/2019 |
| -- | 10/16/2019 |
| Withdrawn status | Lost status | Source of classification or shelving scheme | Damaged status | Not for loan | Collection code | Home library | Current library | Shelving location | Date acquired | Source of acquisition | Cost, normal purchase price | Total Checkouts | Total Renewals | Full call number | Barcode | Date last seen | Date checked out | Cost, replacement price | Price effective from | Koha item type |
|---|---|---|---|---|---|---|---|---|---|---|---|---|---|---|---|---|---|---|---|---|
| Dewey Decimal Classification | General NonFiction | Wasatch County Library | Wasatch County Library | Second Floor | 08/11/2010 | Amazon | 16.99 | 32 | 7 | 649 Nel | 34301000958951 | 12/26/2025 | 10/29/2025 | 16.99 | 03/20/2020 | BOOK |
